| 000 | 03885cam a2200373 a 4500 | ||
|---|---|---|---|
| 005 | 20121207114849.0 | ||
| 008 | 030827s2003 enk b 001 0 eng d | ||
| 010 | _a 2003276673 | ||
| 015 | _aGBA3-Y8733 | ||
| 020 | _z0198267797 (alk. paper) | ||
| 020 | _z0199264511 (pbk. : alk. paper) | ||
| 020 | _a9780199264513 | ||
| 035 |
_a(OCoLC)51668472 _z(OCoLC)59340821 _z(OCoLC)62738456 |
||
| 049 | _aY$RA | ||
| 050 | 0 | 0 |
_aK3242 _b.H86 |
| 082 | 0 | 4 |
_a341.4'81'087 _221 |
| 245 | 0 | 4 |
_aHuman rights of persons with intellectual disabilities : _bdifferent but equal / _cedited by Stanley S. Herr, Lawrence O. Gostin, Harold Hongju Koh. |
| 260 |
_aOxford ; _aNew York : _bOxford University Press, _c2003. |
||
| 300 |
_axx, 551 p. ; _c24 cm. |
||
| 504 | _aIncludes bibliographical references and index. | ||
| 505 | 0 | _aIntroduction: the Human Rights Imperative / Harold H. Koh, Lawrence O. Gostin -- I. Conceptualizing Intellectual Disabilities: History and Terminology. Meeting the Needs of People with Intellectual Disabilities: International Perspectives / Peter Mittler ; Terminology and Power / Ruth Luckasson ; Definitions and Classifications in Cross-cultural Perspectives / Alison Rentlen ; Social Policy Toward Intellectual Disablilities in the Nineteenth and Twentieth Centuries / David L. Braddock and Susan L. Parish -- II. The Human Rights Movement: International Norms and Standards. From Wrongs to Rights: International Human Rights and Legal Protection / Stanley S. Herr ; Disability as a Subject of International Human Rights Law and Comparative Discrimination Law / Theresia Degener ; Human Rights Standards and Legal Reforms / Robert Dinerstein ; Liberty, Due Process, and the Pursuit of Happiness / Michael Smull -- III. The Disability Rights Movement: Anti-discrimination Legislation. The Potential of Disability Nondiscrimination Laws / Stanley S. Herr ; When Legislation Should Take Intellectual Disabilities into Account / Dan Shnit ; Statutory Changes in Disability Policy: Types of Legislation, Policies, and Goals / Robert Silverstein -- IV. Equality and Difference: Social Policy Perspectives. On Second Thoughts: Constructing knowledge, Law, Disability, and Inequality / Marcia H. Rioux ; Prevention of Disability: Is There a Conflict between Public health Prevention and Respect for Persons with Disabilities / Adrienne Asch, Lawrence O. Gostin, and Diann M. Johnson ; Studying the Emerging Workforce / Peter David Blanck and Helen A. Schartz ; The Economics of Equality: An Exploration of Country Differences / John H. Noble, Jr. ; Out-of-home Placement of Children with Intellectual Disabilities: the Need for a Family Support Policy / Arie Rimmerman and Richard Crossman ; Self Determination, Autonomy, and Alternatives for Guardianship / Stanley S. Herr -- V. Future Goals and Aspirations. Voices of Self-advocates / Mitchell Levitz ; Recommendations for Developing Nations / Eric Rosenthal and Clarence J. Sundram ; Recommendations for the United Nations and International NGOs / Ronald C. Slye ; Conclusion / Harold H. Koh and Lawrence O. Gostin. | |
| 650 | 0 |
_aLearning disabled _xLegal status, laws, etc. _97147 |
|
| 650 | 0 |
_aLearning disabled _xCivil rights. _97148 |
|
| 650 | 0 |
_aHuman rights. _97149 |
|
| 650 | 1 | 7 |
_aDiscriminatie. _97150 |
| 700 | 1 |
_aHerr, Stanley S. _97151 |
|
| 700 | 1 |
_aGostin, Larry O. _q(Larry Ogalthorpe) _97152 |
|
| 700 | 1 |
_aKoh, Harold Hongju, _d1954- _97153 |
|
| 856 | 4 | 2 |
_3Publisher description _uhttp://www.loc.gov/catdir/enhancements/fy0615/2003276673-d.html |
| 856 | 4 | 1 |
_3Table of contents only _uhttp://www.loc.gov/catdir/enhancements/fy0615/2003276673-t.html |
| 856 | 4 | 2 |
_3Contributor biographical information _uhttp://www.loc.gov/catdir/enhancements/fy0725/2003276673-b.html |
| 942 |
_2lcc _cBOOK |
||
| 999 |
_c477 _d477 |
||